000 00823nam1a22002171i 4500
001 rc\3004210
005 20241221165744.0
035 _a(NLR Aleph) 007147166
090 _a7114284
_c7114284
100 _a20110921d1945 |||y0rusy50 ca
101 0 _arus
102 _aRU
105 _ay z |||||
200 1 _aИнформационное письмо
_e№ 8-9
_fНКХП-СССР. Сектор обмена опытом техн. отд. Наркомхимпрома
210 _aМосква
_cБ. и.
_d[1945]
_gтип. "Красный воин"
215 _d20 см
710 0 1 _aСССР
_bНародный комиссариат химической промышленности
_bТехнический отдел
801 0 _aRU
_bNLR
_gpsbo
801 1 _aRU
_bELAR
_2rusmarc
852 _aNLR
_jТ14 Г-4/268
942 _cBOOK